• 首页
  • 本馆介绍
  • 公告通知
  • 最新文献
  • 馆藏检索
  • 电子资源
  • 读者导购
  • 参考咨询
  • 我的图书馆
  • 登录
  • 详细信息显示
  • 放入我的书架
  • 预约/预借图书
  • 作者相关作品
  • 分类相关作品
  • 丛书相关作品
  • 出版社相关作品

书目信息

  • 表格格式
  • 工作单格式
  • 卡片格式
题名:
作物遗传与育种学
    
 
作者: ;山东省昌潍农业专科学校 , 广西壮族自治区农业学校 主编
分册: 第五分册   田间试验和生物统计
出版信息: 北京   农业出版社  1987
页数: 270页
开本: 19cm
丛书名:
单 册:
中图分类: S33-43
科图分类:
主题词: 作物育种-遗传学--中等专业学校--教材 , 遗传学-作物育种--中等专业学校--教材 , 田间试验 , 生物统计
电子资源:
ISBN: 7-109-00011-7
000 01077nam0 2200313 450
001 0187015312
005 20100712222140.0
010    @a7-109-00011-7@dCNY1.30
011    @a7-109-00011-7
091    @a16144.3278
100    @a19960128d1987 em y0chiy0110 ea
101 0  @achi
102    @aCN@b110000
105    @ay z 000yy
106    @ar
200 1  @a作物遗传与育种学@9Zuo Wu Yi;Wei Chuan;Zhuan Yu Yu;Yo Zhong;Chong Xue @i田间试验和生物统计@f山东省昌潍农业专科学校,广西壮族自治区农业学校主编@h第五分册
205    @a2版
210    @a北京@c农业出版社@d1987
215    @a270页@d19cm
300    @a全国中等农业学校教材(农学专业用)
606 0  @a作物育种-遗传学@x中等专业学校@x教材
606 0  @a遗传学-作物育种@x中等专业学校@x教材
606 0  @a田间试验
606 0  @a生物统计
690    @aS33-43@v3
711 02 @a山东省昌潍农业专科学校@9shan dong sheng chang wei nong ye zhuan ke xue xiao@4主编
711 02 @a广西壮族自治区农业学校@9guang xi zhuang zu zi zhi qu nong ye xue xiao@4主编
801  0 @aCN@b91MARC@c20130904
905    @aBZT@dS33@e91:5@f1@sS33/91:5
    
    作物遗传与育种学.田间试验和生物统计/山东省昌潍农业专科学校,广西壮族自治区农业学校主编.第五分册.-2版.-北京:农业出版社,1987
    270页;19cm
    全国中等农业学校教材(农学专业用)
    
    ISBN 7-109-00011-7:CNY1.30
    
●
相关链接 在五车中查询图书 在当当中查询图书 在豆瓣中查询图书


正题名:作物遗传与育种学     索取号:S33/91:5         预约/预借

序号 登录号 条形码 馆藏地/架位号 状态 备注
1 2000087453   2000087453   旧书回溯/ [索取号:S33/91:5] 在馆    
山东省滨州职业学院图书馆 欢迎您!
大连网信软件有限公司© 版权所有